<?xml version="1.0" encoding="UTF-8"?>
<record
    xmlns:xsi="http://www.w3.org/2001/XMLSchema-instance"
    xsi:schemaLocation="http://www.loc.gov/MARC21/slim http://www.loc.gov/standards/marcxml/schema/MARC21slim.xsd"
    xmlns="http://www.loc.gov/MARC21/slim">

  <leader>00313nam a2200145Ia 4500</leader>
  <controlfield tag="008">191201s2008    xx            000 0 und d</controlfield>
  <datafield tag="082" ind1=" " ind2=" ">
    <subfield code="a">621</subfield>
    <subfield code="b">BOM</subfield>
  </datafield>
  <datafield tag="100" ind1=" " ind2=" ">
    <subfield code="a">BOLTON,W</subfield>
  </datafield>
  <datafield tag="245" ind1=" " ind2="0">
    <subfield code="a">Mechatronics</subfield>
  </datafield>
  <datafield tag="250" ind1=" " ind2=" ">
    <subfield code="a">4TH</subfield>
  </datafield>
  <datafield tag="260" ind1=" " ind2=" ">
    <subfield code="a">N. Delhi</subfield>
    <subfield code="b">PHI</subfield>
    <subfield code="c">2008</subfield>
  </datafield>
  <datafield tag="300" ind1=" " ind2=" ">
    <subfield code="a">593</subfield>
  </datafield>
  <datafield tag="650" ind1=" " ind2=" ">
    <subfield code="a">M.Tech (ME)</subfield>
  </datafield>
  <datafield tag="942" ind1=" " ind2=" ">
    <subfield code="2">ddc</subfield>
    <subfield code="c">BK</subfield>
  </datafield>
  <datafield tag="999" ind1=" " ind2=" ">
    <subfield code="c">5000</subfield>
    <subfield code="d">5000</subfield>
  </datafield>
  <datafield tag="952" ind1=" " ind2=" ">
    <subfield code="0">0</subfield>
    <subfield code="1">0</subfield>
    <subfield code="2">ddc</subfield>
    <subfield code="4">0</subfield>
    <subfield code="7">0</subfield>
    <subfield code="8">BTECHME</subfield>
    <subfield code="a">PIET</subfield>
    <subfield code="b">PIET</subfield>
    <subfield code="d">2011-08-27</subfield>
    <subfield code="e">The book company</subfield>
    <subfield code="g">460.00</subfield>
    <subfield code="k">IN-1247</subfield>
    <subfield code="l">1</subfield>
    <subfield code="o">621 BOM</subfield>
    <subfield code="p">18233</subfield>
    <subfield code="r">2022-01-27 00:00:00</subfield>
    <subfield code="s">2021-10-11</subfield>
    <subfield code="w">2011-08-22</subfield>
    <subfield code="y">BK</subfield>
  </datafield>
  <datafield tag="952" ind1=" " ind2=" ">
    <subfield code="0">0</subfield>
    <subfield code="1">0</subfield>
    <subfield code="2">ddc</subfield>
    <subfield code="4">0</subfield>
    <subfield code="7">0</subfield>
    <subfield code="8">BTECHME</subfield>
    <subfield code="a">PIET</subfield>
    <subfield code="b">PIET</subfield>
    <subfield code="d">2011-08-27</subfield>
    <subfield code="e">The book company</subfield>
    <subfield code="g">460.00</subfield>
    <subfield code="k">IN-1247</subfield>
    <subfield code="l">3</subfield>
    <subfield code="o">621 BOM</subfield>
    <subfield code="p">18234</subfield>
    <subfield code="r">2022-03-10 00:00:00</subfield>
    <subfield code="s">2021-12-20</subfield>
    <subfield code="w">2011-08-22</subfield>
    <subfield code="y">BK</subfield>
  </datafield>
  <datafield tag="952" ind1=" " ind2=" ">
    <subfield code="0">0</subfield>
    <subfield code="1">0</subfield>
    <subfield code="2">ddc</subfield>
    <subfield code="4">0</subfield>
    <subfield code="7">0</subfield>
    <subfield code="8">BTECHME</subfield>
    <subfield code="a">PIET</subfield>
    <subfield code="b">PIET</subfield>
    <subfield code="d">2011-08-27</subfield>
    <subfield code="e">The book company</subfield>
    <subfield code="g">460.00</subfield>
    <subfield code="k">IN-1247</subfield>
    <subfield code="l">1</subfield>
    <subfield code="o">621 BOM</subfield>
    <subfield code="p">18235</subfield>
    <subfield code="r">2021-11-10 00:00:00</subfield>
    <subfield code="s">2021-10-25</subfield>
    <subfield code="w">2011-08-22</subfield>
    <subfield code="y">BK</subfield>
  </datafield>
</record>
